Datum a čas kvízu
30.5
Celkem bodů
Celkový počet nahraných bodů na tomto kvízu bez doplňovacích otázek.
3.
Pořadí na kvízu
Konečné umístění týmu na tomto kvízu.
Zaznamenané odpovědi
| # | Otázka | Odpověď | Body | Výsledky |
|---|---|---|---|---|
| 1. | V pražském Uměleckoprůmyslovém... | 0 | ||
| 2. | Strana Alternativa pro Německo... | 1 | ||
| 3. | Nominacím na Oscary vévodí fil... | 0 | ||
| 4. | Americká firma Nike představil... | 1 | ||
| 5. | Po dvaceti letech se v kolonce... | 0 | ||
| 6. | Rok 1989 si přirozeně spojujem... | 1 | ||
| 7. | Je samozřejmé, že události v z... | 1 | ||
| 8. | V tomto roce skončil i komunis... | 0 | ||
| 9. | Nejen politikou živ je člověk.... | 1 | ||
| 10. | Lidé narození roku 1989 patří... | 1 |